RCC Prakovce dlží aj živnostníkom vedenie: Všetko vyrovnáme

Bibliographic Details
Main Author: Kizek, Marián (Author)
Format: Article
Language:Slovak
PhysicalDescription:Fotogr.
ISSN:1338-659X
Subjects:
Online Access:http://kosice.korzar.sme.sk/c/7656023/kosicky-podnikatel-rcc-prakovce-uz-neplati-ani-dodavatelom.html

MARC

LEADER 00000nab a2200000 ar4500
001 vtls011587836
003 SK-MaSNL
005 20260304050128.0
008 170922c20150220xo mr|p|||||||000 b|slo
038 |a SNSK 
040 |b slo  |c SNSK  |e AACR2 
041 |a slo 
044 |a xo  |c SK 
080 |a 629.48  |x (437.6+470)  |2 2011 
080 |a 336.274.53  |x (470)  |2 2011 
100 1 |a Kizek, Marián  |4 aut  |9 877271 
245 1 0 |a RCC Prakovce dlží aj živnostníkom  |b vedenie: Všetko vyrovnáme  |c Marián Kizek 
300 |b Fotogr. 
610 2 7 |a Railway Casted Components (Prakovce, Slovensko)  |2 snsk  |9 1093511 
650 0 7 |a finančné problémy  |2 snsk  |9 1018477 
650 0 7 |a nevyplatenie pohľadávok  |2 snsk  |9 1330917 
651 7 |a Prakovce (Slovensko)  |2 snsk  |9 57298 
651 7 |a Gelnica (Slovensko : okres)  |2 snsk  |9 168677 
651 7 |a Rusko  |2 snsk  |9 17250 
773 0 |t Korzár : denník Košického kraja  |g Roč. XVIII., č. 42 (20.2.2015), s. 6  |x 1338-659X 
852 |a SNSK  |b KIS3GCP 
856 4 1 |u http://kosice.korzar.sme.sk/c/7656023/kosicky-podnikatel-rcc-prakovce-uz-neplati-ani-dodavatelom.html 
999 |c 2696668  |d 2698598